| 000 | 00512cam a2200193 4500 | ||
|---|---|---|---|
| 001 | D6589 | ||
| 008 | 090401t1976 xxu||||| |||| 00| 0 eng d | ||
| 035 | _a(Sirsi) u94075 | ||
| 041 | _aeng | ||
| 050 | _a692.5 | ||
| 100 | _aWheatley, N.R (ed) | ||
| 245 | _aLaxton`s building price book, with imperial and metric equivalents: 1976 | ||
| 250 | _a148th | ||
| 260 |
_aKingston-upon-Thames _bKelly`s Directories _c1976 |
||
| 300 | _axvii. 425p. illus. 30cm | ||
| 350 | _a5 | ||
| 942 | _n0 | ||
| 948 | _c04/03/1997 | ||
| 999 |
_c97899 _d97899 |
||